Paroles de Clown - Soprano - Statistiques

Statistiques générales
  • Ce quiz a été pris 1 254 fois
  • Le résultat moyen est 167 sur 209
Statistiques - réponses
Hint paroles % Correct
je
98%
Je
98%
de
97%
le
97%
la
96%
96%
ce
95%
Ce
95%
ma
95%
mon
95%
ne
95%
clown
94%
me
94%
soir
94%
à
93%
pas
93%
les
92%
sourire
92%
suis
91%
mes
90%
qui
90%
n'ai
89%
nez
89%
rouge
89%
sur
89%
visage
89%
couplet 1 | couplet 2 Désolé
87%
désolé
87%
remet
87%
coule
86%
maquillage
86%
que
86%
si
86%
vous
86%
et
85%
J'ai
85%
j'ai
85%
sa
85%
faire
84%
larmes
84%
mais
82%
rien
82%
pour
81%
colle
80%
m'en
80%
sais
80%
79%
avez
78%
ça
78%
costume
78%
enfants
78%
fais
78%
font
78%
problèmes
78%
bien
77%
d'être
77%
drôle
77%
lessive
77%
n'en
77%
piste
76%
malgré
74%
mine
74%
n'suis
74%
voulez
74%
bouge
73%
lala
73%
routine
73%
rend
72%
ridicule
72%
coloré
71%
oublier,
70%
payé
70%
quotidiens
70%
est
68%
lalala
67%
plus
67%
colères
65%
qu'ça
65%
suis-je
65%
un
65%
refrain Lalalalala
64%
vraiment
63%
défaire
61%
depuis
59%
longtemps
59%
perdu
59%
angélique
58%
cache
58%
derrière
58%
pleine
57%
poubelles
57%
chemin
56%
l'impression
56%
salle
56%
chien
55%
détresse
55%
fait
55%
peine
55%
donc
54%
j'me
54%
masque
54%
laisse
53%
semblant
53%
seul
53%
vu
53%
tous
52%
avez-vous
50%
jours
50%
nettoie
49%
trop
49%
essaie
48%
porter
48%
qu'on
48%
grand
47%
mesure
46%
ronger
46%
enfile
45%
est-il
43%
nous
38%
va-t-il
37%
dis-moi
34%
Aucun quiz correspondant
Distribution des résultats
% des personnes avec chaque résultat
Percentile par nombre de réponses
Votre historique - résultats
Vous n’avez pas pris ce quiz